Statistics for cricket world cup winners

Click here to take the quiz!

General Stats

  • This quiz has been taken 433 times
  • The average score is 10 of 10

Answer Stats

HintAnswer% Correct
2011India
99%
1983India
99%
2007Australia
98%
2003Australia
98%
1999Australia
98%
1987Australia
98%
1992Pakistan
97%
1996Sri Lanka
94%
1979West Indies
93%
1975West Indies
93%

Score Distribution

Percentile by Number Answered

Percent of People with Each Score

Your Score History

You have not taken this quiz